Japan 1999 Development Assistance Committee
Na minha lista:
| Formato: | Livro |
|---|---|
| Idioma: | inglês |
| Publicado em: |
Paris
OECD
1999
|
| Colecção: | Development Co-operation Review Series
No. 34 |
| Assuntos: | |
| Tags: |
Sem tags, seja o primeiro a adicionar uma tag!
|
MARC
| LEADER | 00000nam a2200000 4500 | ||
|---|---|---|---|
| 001 | c117894 | ||
| 005 | 20221221084423.0 | ||
| 020 | |a 92-64-17085-5 | ||
| 041 | 0 | |a eng | |
| 044 | |a FR | ||
| 245 | 1 | 0 | |a Japan 1999 |b Development Assistance Committee |
| 264 | 1 | |a Paris |b OECD |c 1999 | |
| 300 | |a 109 s. | ||
| 490 | 1 | |a Development Co-operation Review Series |v No. 34 | |
| 830 | 0 | |a Development Co-operation Review Series |v No. 34 | |
| 610 | 2 | 0 | |a rozvoj hospodársky |
| 610 | 2 | 0 | |a pomoc hospodárska |
| 610 | 2 | 0 | |a pomoc medzinárodná |
| 610 | 2 | 0 | |a programy rozvojové |
| 610 | 2 | 0 | |a stratégia hospodárska |
| 610 | 2 | 0 | |a reformy |
| 610 | 2 | 0 | |a kríza |
| 610 | 2 | 0 | |a štruktúra organizačná |
| 610 | 2 | 0 | |a informácie |
| 610 | 2 | 0 | |a spolupráca medzinárodná |
| 610 | 2 | 0 | |a kooperácia hospodárska medzinárodná |
| 610 | 2 | 0 | |a údaje štatistické |
| 610 | 2 | 0 | |a obchod |
| 610 | 2 | 0 | |a trh |
| 610 | 2 | 0 | |a krajiny rozvojové |
| 610 | 2 | 0 | |a poľnohospodárstvo |
| 610 | 2 | 0 | |a rybárstvo |
| 610 | 2 | 0 | |a investície |
| 610 | 2 | 0 | |a príjmy |
| 610 | 2 | 0 | |a distribúcia |
| 610 | 2 | 0 | |a Japonsko |
| 610 | 2 | 0 | |a Čína |
| 610 | 2 | 0 | |a Ghana |
| 610 | 2 | 0 | |a OECD |